La fase de ejecución en el proceso penal tras la LO 1/2025 de Medidas en Materia de Eficiencia del Servicio Público de Justicia (Registro nro. 232318)
[ vista simple ]
| 000 -CABECERA | |
|---|---|
| campo de control de longitud fija | 01073naa a22002657i 4500 |
| 001 - NÚMERO DE CONTROL | |
| campo de control | 232318 |
| 003 - IDENTIFICADOR DEL NÚMERO DE CONTROL | |
| campo de control | ES-MaBCM |
| 005 - FECHA Y HORA DE LA ÚLTIMA TRANSACCIÓN | |
| campo de control | 20260219120007.0 |
| 008 - CÓDIGOS DE INFORMACIÓN DE LONGITUD FIJA | |
| campo de control de longitud fija | 260218s2026 sp ||||| |||| 00| 0 spa d |
| 035 ## - NÚMERO DE CONTROL DEL SISTEMA | |
| Número de control de sistema | (OCoLC)1499519195 |
| 040 ## - FUENTE DE LA CATALOGACIÓN | |
| Centro transcriptor | ES-MaBCM |
| 100 1# - PUNTO DE ACCESO PRINCIPAL - NOMBRE DE PERSONA | |
| Nombre de persona | Plasencia Domínguez, Natividad |
| 9 (RLIN) | 124184 |
| 245 13 - MENCIÓN DE TÍTULO | |
| Título | La fase de ejecución en el proceso penal tras la LO 1/2025 de Medidas en Materia de Eficiencia del Servicio Público de Justicia |
| Mención de responsabilidad etc. | Natividad Plasencia Domínguez |
| 504 ## - NOTA DE BIBLIOGRAFÍA, ETC. | |
| Nota de bibliografía etc. | Incluye referencias bibliográficas |
| 504 ## - NOTA DE BIBLIOGRAFÍA, ETC. | |
| Nota de bibliografía etc. | Incluye bibliografía |
| 610 10 - PUNTO DE ACCESO ADICIONAL DE MATERIA--NOMBRE DE ENTIDAD CORPORATIVA | |
| Nombre de entidad corporativa o nombre de jurisdicción como elemento inicial | España . |
| Título de la obra | Ley Orgánica de medidas en materia de eficiencia del Servicio Público de Justicia, 2025 |
| 9 (RLIN) | 130262 |
| 650 #7 - PUNTO DE ACCESO ADICIONAL DE MATERIA--TÉRMINO DE MATERIA | |
| Término de materia o nombre geográfico como elemento inicial | Procedimiento judicial |
| 9 (RLIN) | 59900 |
| 650 #7 - PUNTO DE ACCESO ADICIONAL DE MATERIA--TÉRMINO DE MATERIA | |
| Término de materia o nombre geográfico como elemento inicial | Derecho procesal penal |
| 9 (RLIN) | 58355 |
| 650 #7 - PUNTO DE ACCESO ADICIONAL DE MATERIA--TÉRMINO DE MATERIA | |
| Término de materia o nombre geográfico como elemento inicial | Responsabilidad civil |
| 9 (RLIN) | 60114 |
| 650 #7 - PUNTO DE ACCESO ADICIONAL DE MATERIA--TÉRMINO DE MATERIA | |
| Término de materia o nombre geográfico como elemento inicial | Ejecución de sentencia |
| 9 (RLIN) | 58487 |
| 655 #4 - TÉRMINO DE INDIZACIÓN--GÉNERO/FORMA | |
| Datos o término principal de género/forma | Legislación comentada |
| 9 (RLIN) | 115338 |
| 773 0# - ENLACE AL DOCUMENTO FUENTE | |
| Lugar editor y fecha de publicación | Las Rozas, Madrid |
| Parte(s) relacionada(s) | N. 10885 (16 de febrero de 2026) - Loc. En línea |
| Título | Diario La Ley |
| Número de control del registro relacionado | 213918 |
| 942 ## - ELEMENTOS DE PUNTO DE ACCESO ADICIONAL (KOHA) | |
| Fuente del sistema de clasificación o colocación | Universal Decimal Classification |
| Tipo de ítem Koha | Artículos de revistas |
| Estado de retiro | Estado de pérdida | Fuente del sistema de clasificación o colocación | Estado dañado | No para préstamo | Localización permanente | Ubicación/localización actual | Ubicación en estantería | Fecha de adquisición | Total de préstamos | Fecha visto por última vez | Precio válido a partir de | Tipo de ítem Koha |
|---|---|---|---|---|---|---|---|---|---|---|---|---|
| Universal Decimal Classification | Biblioteca Central del Ministerio de la Presidencia | Biblioteca Central del Ministerio de la Presidencia | Sala | 18/02/2026 | 18/02/2026 | 18/02/2026 | Artículos de revistas |
